| 000 | 01891cam a22005054i 4500 | ||
|---|---|---|---|
| 003 | PE-LiUPU | ||
| 005 | 20250731165505.0 | ||
| 008 | 150623s r 000 0 d | ||
| 020 | _a9514580796 | ||
| 035 | _a(Sirsi) i9789514580796 | ||
| 040 |
_aPE-LiUPU _bspa _cPE-LiUPU _erda |
||
| 049 | _aPRUA | ||
| 082 | 0 | 4 |
_a935.03 _bN63 _221 |
| 100 | 1 |
_aNissinen, Martti, _eautor. |
|
| 245 | 1 | 0 |
_aReferences to prophecy in neo-assyrian sources. _n7 / _cMartti Nissinen. |
| 264 | 1 |
_aHelsinki, Finland : _bThe Neo-Assyrian Text Corpus Project, _c1998. |
|
| 300 |
_a194 páginas ; _c25 centímetros |
||
| 336 |
_atext _2rdacontent |
||
| 337 |
_aunmediated _2rdamedia |
||
| 338 |
_avolume _2rdacarrier |
||
| 490 | 0 |
_aState Archives of Assyria Studies ; _v7 |
|
| 504 | _aIncluye bibliografía. | ||
| 505 | 0 | _aProphecy in the inscriptions of esarhaddon and assurbanipal. -A prophet among the military. -Prophecy and the substitute king ritual. -Prophecy and the scholars. -Prophets in the succession treaty of esarhaddon. | |
| 526 | _aSEG44 | ||
| 526 | _aSEG26 | ||
| 526 | _aP151 | ||
| 526 | _aP150 | ||
| 526 | _aP149 | ||
| 526 | _aP146 | ||
| 526 | _aP145 | ||
| 526 | _aP126 | ||
| 526 | _aP125 | ||
| 526 | _aP92 | ||
| 526 | _aP75 | ||
| 526 | _aP74 | ||
| 526 | _aP27 | ||
| 526 | _aP15 | ||
| 650 | 0 | 4 | _aOráculos asirios. |
| 942 |
_2ddc _cBOOK |
||
| 949 |
_aRC 935.03 N63 7 _wDEWEY _c1 _i47179 _lCCODEBUL1 _mBUL _r0 _sY _tBOOK _u2015-6-24 _xTEOLOGIA _PP35 _0COMPRA _o.CIRCNOTE. No olvidar cambiar la fecha de devolución!!!!!!! _o.STAFF. Colección General |
||
| 994 |
_aC0 _bPEPRU |
||
| 596 | _a1 | ||
| 999 |
_aRC 935.03 N63 7 _wDEWEY _c23729 _i47179 _f2021-11-8 _g6 _lCCODEBUL1 _mBUL _r1 _sY _tBOOK _u2015-6-24 _xTEOLOGIA _PP35 _0COMPRA _o.CIRCNOTE. No olvidar cambiar la fecha de devolución!!!!!!! _o.STAFF. Colección General _d23729 |
||
| 980 |
_81 _gALBERTO SANCHEZ Responsable de Automatización |
||